[Event "Cambridge op 3rd"]
[Site "Cambridge"]
[Date "2025.05.31"]
[Round "9"]
[White "Camacho Collados, Marcos"]
[Black "Sowray, Peter John"]
[Result "1-0"]
[WhiteElo "2462"]
[BlackElo "2219"]
[PlyCount "63"]
[EventDate "2025.05.26"]
[EventType "tourn"]
[EventRounds "9"]
[EventCountry "ENG"]
[SourceTitle "CB23_2025"]
[SourceDate "2025.06.04"]
[SourceVersion "1"]
[SourceVersionDate "2025.06.04"]
[SourceQuality "1"]

1. d4 d6 2. e4 Nf6 3. Nc3 g6 4. f4 Bg7 5. Nf3 0-0 6. Qd2 d5 7. e5 Ne4 8. Nxe4 dxe4 9. Ng5 Bf5 10. Qe3 Nc6 11. c3 Qd5 12. b3 h6 13. Nh3 Bxh3 14. gxh3 Rad8 15. Bc4 Qa5 16. Bd2 b5 17. b4 Qb6 18. Bb3 e6 19. Qxe4 a5 20. Be3 Ne7 21. a3 Nd5 22. Bxd5 Rxd5 23. f5 gxf5 24. Qg2 Qc6 25. Rg1 Qxc3+ 26. Ke2 Qc2+ 27. Bd2 Qe4+ 28. Qxe4 fxe4 29. Bxh6 axb4 30. Rxg7+ Kh8 31. Rag1 f5 32. R7g5 1-0

[Event "Cambridge op 3rd"]
[Site "Cambridge"]
[Date "2025.05.29"]
[Round "6"]
[White "Sowray, Peter John"]
[Black "Skettos, Nicolas"]
[Result "1/2-1/2"]
[WhiteElo "2219"]
[BlackElo "1961"]
[PlyCount "108"]
[EventDate "2025.05.26"]
[EventType "tourn"]
[EventRounds "9"]
[EventCountry "ENG"]
[SourceTitle "CB23_2025"]
[SourceDate "2025.06.04"]
[SourceVersion "1"]
[SourceVersionDate "2025.06.04"]
[SourceQuality "1"]

1. d4 Nf6 2. Bf4 d5 3. e3 e6 4. Nd2 Bd6 5. Bg3 0-0 6. Ngf3 c5 7. c3 b6 8. Ne5 Qc7 9. Bd3 Ba6 10. Bxa6 Nxa6 11. h4 Nb8 12. h5 h6 13. 0-0 Nc6 14. f4 Ne7 15. Qf3 Nf5 16. Bh2 Be7 17. g4 Nd6 18. Qg2 Nfe4 19. Ndf3 f6 20. Ng6 Rfe8 21. f5 Qd7 22. Nfh4 Nf7 23. fxe6 Qxe6 24. Nf5 Bd6 25. Bxd6 Nexd6 26. Qxd5 Nxf5 27. Qxe6 Rxe6 28. Rxf5 Rxe3 29. dxc5 bxc5 30. Rd1 Rg3+ 31. Kf2 Rxg4 32. Rxc5 Rg5 33. Rxg5 Nxg5 34. Rd7 Rb8 35. b3 Ne4+ 36. Kf3 Nxc3 37. Rxa7 Rb5 38. Nf4 Rf5 39. Ke3 Nd5+ 40. Nxd5 Rxd5 41. b4 Rxh5 42. a4 Rh3+ 43. Kf2 Rb3 44. Rb7 Ra3 45. a5 h5 46. Rb6 h4 47. a6 h3 48. b5 Ra2+ 49. Kg1 g5 50. Rb7 g4 51. a7 Ra1+ 52. Kh2 Ra2+ 53. Kg1 Ra1+ 54. Kh2 Ra2+ 1/2-1/2

[Event "Cambridge op 3rd"]
[Site "Cambridge"]
[Date "2025.05.27"]
[Round "3"]
[White "Yu, Rock"]
[Black "Sowray, Peter John"]
[Result "1-0"]
[WhiteElo "2048"]
[BlackElo "2219"]
[PlyCount "65"]
[EventDate "2025.05.26"]
[EventType "tourn"]
[EventRounds "9"]
[EventCountry "ENG"]
[SourceTitle "CB23_2025"]
[SourceDate "2025.06.04"]
[SourceVersion "1"]
[SourceVersionDate "2025.06.04"]
[SourceQuality "1"]

1. d4 g6 2. c4 Bg7 3. Nc3 c5 4. d5 d6 5. e4 e6 6. Be2 Ne7 7. h4 exd5 8. exd5 0-0 9. h5 Nf5 10. h6 Bh8 11. Nf3 Nd7 12. Bf4 Re8 13. Kf1 Ne5 14. g3 Nxf3 15. Bxf3 g5 16. Bd2 Nd4 17. Rh5 f6 18. Be4 Rxe4 19. Nxe4 Bf5 20. Nc3 Qd7 21. f3 Nxf3 22. Qxf3 Bg4 23. Qh1 Qf5+ 24. Kg1 Qd3 25. Rh2 Bf3 26. Rg2 Re8 27. Qh2 f5 28. Bxg5 Bd4+ 29. Rf2 Qc2 30. Nb5 Qxc4 31. Nxd4 Qxd4 32. Qh4 Qxd5 33. Be7 1-0

[Event "Cambridge op 3rd"]
[Site "Cambridge"]
[Date "2025.05.26"]
[Round "2"]
[White "Sowray, Peter John"]
[Black "Tiviakov, Sergei"]
[Result "0-1"]
[WhiteElo "2219"]
[BlackElo "2536"]
[PlyCount "90"]
[EventDate "2025.05.26"]
[EventType "tourn"]
[EventRounds "9"]
[EventCountry "ENG"]
[SourceTitle "CB23_2025"]
[SourceDate "2025.06.04"]
[SourceVersion "1"]
[SourceVersionDate "2025.06.04"]
[SourceQuality "1"]

1. d4 Nf6 2. Bg5 d5 3. Nd2 Nbd7 4. e3 e6 5. f4 c5 6. c3 Qb6 7. Rb1 Ne4 8. Nxe4 dxe4 9. Bc4 cxd4 10. exd4 Qc7 11. Qe2 h6 12. Bh4 Qxf4 13. Bg3 Qf5 14. Nh3 Be7 15. Rf1 Qh7 16. Kd2 0-0 17. Rbe1 Nb6 18. Bb3 Bd7 19. Nf4 Bc6 20. h4 Nd5 21. Bc2 Nxf4 22. Rxf4 Bd6 23. Rg4 Bxg3 24. Rxg3 f5 25. h5 Rf6 26. Qc4 f4 27. Rf3 Qf5 28. g3 Qxh5 29. Rxf4 Rxf4 30. gxf4 Qh2+ 31. Kd1 Bd5 32. Qc7 Rf8 33. c4 Bc6 34. Qe5 Rf6 35. d5 exd5 36. cxd5 Bd7 37. Rxe4 Bf5 38. d6 Qh1+ 39. Re1 Bxc2+ 40. Kxc2 Qc6+ 41. Kb3 Rxd6 42. Rc1 Qb6+ 43. Kc2 Re6 44. Qb8+ Kh7 45. Kb1 Re2 0-1

[Event "BCF-chT 2425 (4NCL)"]
[Site "England"]
[Date "2025.02.15"]
[Round "5.25"]
[White "Sowray, Peter John"]
[Black "Price, Gwilym"]
[Result "1-0"]
[WhiteElo "2189"]
[BlackElo "2220"]
[PlyCount "117"]
[EventDate "2024.11.23"]
[EventType "team-swiss"]
[EventRounds "11"]
[EventCountry "ENG"]
[SourceTitle "CB14_2025"]
[SourceDate "2024.11.01"]
[SourceVersion "1"]
[SourceVersionDate "2024.11.01"]
[SourceQuality "1"]
[WhiteTeam "Barbican"]
[BlackTeam "The Sharks"]
[WhiteTeamCountry "ENG"]
[BlackTeamCountry "ENG"]

1. d4 Nf6 2. c4 g6 3. Nf3 Bg7 4. g3 0-0 5. Bg2 d6 6. Nc3 Nc6 7. 0-0 e5 8. dxe5 dxe5 9. Bg5 Be6 10. Nd2 h6 11. Bxf6 Bxf6 12. Nd5 Bg7 13. Nb3 Bc8 14. Qd2 Nd4 15. Nxd4 exd4 16. Rac1 c6 17. Nf4 a5 18. b3 Qe7 19. c5 Re8 20. Rfe1 Bf5 21. Nd3 h5 22. h4 Bf6 23. Nf4 Kg7 24. Bf3 Red8 25. Rc4 Rd7 26. Rec1 Kh7 27. Ra4 Qd8 28. b4 axb4 29. Rxa8 Qxa8 30. Nxh5 gxh5 31. Qf4 Bg6 32. Qxf6 Qxa2 33. Bxh5 Qd5 34. Ra1 Qf5 35. Bxg6+ fxg6 36. Qxf5 gxf5 37. Rb1 Rd5 38. Rxb4 Rxc5 39. Rxb7+ Kg6 40. Rd7 Rc1+ 41. Kg2 c5 42. Kf3 Rd1 43. Rd6+ Kg7 44. Rd5 c4 45. Rxf5 c3 46. Rc5 Rc1 47. Rc6 Rb1 48. Ke4 Rb2 49. Kxd4 Rxe2 50. f4 c2 51. g4 Rg2 52. g5 Rg4 53. Ke5 Rxh4 54. Rxc2 Rh1 55. Rc7+ Kg6 56. Rc6+ Kg7 57. Kf5 Ra1 58. Rc7+ Kg8 59. Re7 1-0

[Event "London Classic op 14th"]
[Site "London"]
[Date "2024.12.07"]
[Round "9"]
[White "Sowray, Peter John"]
[Black "Stone, Andrew M"]
[Result "0-1"]
[WhiteElo "2205"]
[BlackElo "2118"]
[PlyCount "82"]
[EventDate "2024.11.29"]
[EventType "swiss"]
[EventRounds "9"]
[EventCountry "ENG"]
[SourceTitle "CB50_2024"]
[SourceDate "2024.11.01"]
[SourceVersion "1"]
[SourceVersionDate "2024.11.01"]
[SourceQuality "2"]

1. e4 c6 2. d4 d5 3. exd5 cxd5 4. Bd3 Nc6 5. c3 Nf6 6. h3 g6 7. Nf3 Bf5 8. 0-0 Bxd3 9. Qxd3 Bg7 10. Bf4 0-0 11. Nbd2 Re8 12. Rfe1 e6 13. Re2 Qb6 14. Nf1 a5 15. Rae1 a4 16. a3 Ra5 17. Ng3 Rb5 18. Bc7 Qa6 19. h4 Rc8 20. Bf4 Na5 21. Ne5 Nc4 22. Qf3 Nxe5 23. Bxe5 Ne8 24. Bxg7 Nxg7 25. h5 Qd6 26. h6 Ne8 27. Nf1 Qf8 28. Qf4 Qd6 29. Qf3 Qf8 30. Qh3 Rc6 31. Ne3 Rcb6 32. Qh4 Rxb2 33. Nxd5 Rxe2 34. Ne7+ Kh8 35. Rxe2 f6 36. Nc8 Rb1+ 37. Kh2 Rb5 38. g4 Nc7 39. Kg2 Nd5 40. c4 Nf4+ 41. Kf3 g5 0-1

[Event "London Classic op 14th"]
[Site "London"]
[Date "2024.11.30"]
[Round "3"]
[White "Sowray, Peter John"]
[Black "Golding, Alex"]
[Result "1/2-1/2"]
[WhiteElo "2205"]
[BlackElo "2404"]
[PlyCount "30"]
[EventDate "2024.11.29"]
[EventType "swiss"]
[EventRounds "9"]
[EventCountry "ENG"]
[SourceTitle "CB50_2024"]
[SourceDate "2024.11.01"]
[SourceVersion "1"]
[SourceVersionDate "2024.11.01"]
[SourceQuality "2"]

1. e4 e5 2. Nf3 Nc6 3. Bb5 a6 4. Ba4 Nf6 5. d3 b5 6. Bb3 Be7 7. a4 b4 8. a5 0-0 9. 0-0 d6 10. Nbd2 h6 11. h3 Bb7 12. Nc4 Nb8 13. Bd2 c5 14. c3 bxc3 15. bxc3 Nbd7 1/2-1/2

[Event "BCF-chT 2425 (4NCL)"]
[Site "England"]
[Date "2024.11.24"]
[Round "2.15"]
[White "Jackson, James P"]
[Black "Sowray, Peter John"]
[Result "1/2-1/2"]
[WhiteElo "2373"]
[BlackElo "2205"]
[PlyCount "99"]
[EventDate "2024.11.23"]
[EventType "team-swiss"]
[EventRounds "11"]
[EventCountry "ENG"]
[SourceTitle "CB48_2024"]
[SourceDate "2024.11.28"]
[SourceVersion "1"]
[SourceVersionDate "2024.11.28"]
[SourceQuality "1"]
[WhiteTeam "Wood Green"]
[BlackTeam "Barbican"]
[WhiteTeamCountry "ENG"]
[BlackTeamCountry "ENG"]

1. e4 c6 2. d4 d5 3. e5 c5 4. dxc5 e6 5. Be3 Nd7 6. Nf3 Bxc5 7. Bxc5 Nxc5 8. Qd4 Qb6 9. Nbd2 Ne7 10. Nb3 Nxb3 11. axb3 Qxd4 12. Nxd4 Ng6 13. Nf3 Bd7 14. g3 a6 15. Bg2 Rc8 16. 0-0-0 0-0 17. Rhe1 Rc7 18. Nd4 Ne7 19. f4 Rfc8 20. c3 Nc6 21. Kb1 Nxd4 22. Rxd4 Kf8 23. g4 Ke7 24. h4 a5 25. Bf1 Ra8 26. Kc2 b5 27. b4 axb4 28. Rxb4 Ra4 29. Kb3 Rca7 30. Rd1 Rxb4+ 31. cxb4 Bc6 32. Rc1 Kd7 33. Rc5 Rb7 34. Kc2 Kc7 35. Rc3 Kb6 36. Bd3 h6 37. Kd2 Ra7 38. Ra3 Rd7 39. g5 hxg5 40. fxg5 g6 41. Ra1 d4 42. Rf1 Bd5 43. Rf4 Bb3 44. Be4 Bc4 45. Bf3 d3 46. h5 gxh5 47. Bxh5 Rd5 48. Re4 Rd7 49. Rf4 Rd5 50. Re4 1/2-1/2

[Event "London Mindsports op 4th"]
[Site "London"]
[Date "2024.07.18"]
[Round "1"]
[White "Lemos, Damian"]
[Black "Sowray, Peter John"]
[Result "1-0"]
[WhiteElo "2479"]
[BlackElo "2194"]
[PlyCount "63"]
[EventDate "2024.07.18"]
[EventType "swiss"]
[EventRounds "9"]
[EventCountry "ENG"]
[SourceTitle "CBM 221 Extra"]
[Source "ChessBase"]
[SourceDate "2024.09.30"]
[SourceVersion "1"]
[SourceVersionDate "2024.09.30"]
[SourceQuality "1"]

1. Nf3 Nf6 2. b3 g6 3. Bb2 Bg7 4. g3 c5 5. c4 0-0 6. Bg2 d6 7. 0-0 e5 8. Nc3 Nc6 9. d3 h6 10. Nd2 Be6 11. Nde4 Ne8 12. Nd5 f5 13. Nec3 Qd7 14. e3 g5 15. Qd2 Nf6 16. Rae1 Nh7 17. Nb5 Rad8 18. f4 b6 19. d4 cxd4 20. exd4 e4 21. Ndc7 Bf7 22. d5 Ne7 23. Bxg7 Kxg7 24. Qd4+ Nf6 25. fxg5 hxg5 26. Bxe4 Kg6 27. Bb1 Rh8 28. Ne6 Rdg8 29. Rxf5 Nxf5 30. Bxf5+ Kxf5 31. Rf1+ Kg6 32. Qxf6+ 1-0

[Event "Cambridge op 2nd"]
[Site "Cambridge"]
[Date "2024.02.24"]
[Round "9"]
[White "Sowray, Peter John"]
[Black "Wells, Peter K"]
[Result "0-1"]
[WhiteElo "2187"]
[BlackElo "2343"]
[PlyCount "52"]
[EventDate "2024.02.19"]
[EventType "swiss"]
[EventRounds "9"]
[EventCountry "ENG"]
[SourceTitle "CBM 218 Extra"]
[Source "ChessBase"]
[SourceDate "2024.03.31"]
[SourceVersion "1"]
[SourceVersionDate "2024.03.31"]
[SourceQuality "1"]

1. c4 e6 2. Nf3 d5 3. g3 dxc4 4. Bg2 a6 5. 0-0 Nf6 6. Qc2 b5 7. Ne5 c6 8. b3 Qc7 9. Bb2 Bd6 10. f4 cxb3 11. axb3 Bb7 12. Nc3 0-0 13. Ne4 Nxe4 14. Bxe4 f5 15. Bg2 c5 16. Bxb7 Qxb7 17. Qc3 Rd8 18. d3 Qe7 19. Rac1 Bxe5 20. Qxe5 Rd5 21. Qe3 Nc6 22. g4 fxg4 23. Qg3 Nd4 24. Bxd4 Rxd4 25. Qxg4 Rf8 26. Qf3 Rdxf4 0-1

[Event "Cambridge op 2nd"]
[Site "Cambridge"]
[Date "2024.02.22"]
[Round "6"]
[White "Volovich, Julia"]
[Black "Sowray, Peter John"]
[Result "0-1"]
[WhiteElo "1983"]
[BlackElo "2187"]
[PlyCount "102"]
[EventDate "2024.02.19"]
[EventType "swiss"]
[EventRounds "9"]
[EventCountry "ENG"]
[SourceTitle "CBM 218 Extra"]
[Source "ChessBase"]
[SourceDate "2024.03.31"]
[SourceVersion "1"]
[SourceVersionDate "2024.03.31"]
[SourceQuality "1"]

1. d4 d5 2. c4 e6 3. Nc3 Nf6 4. cxd5 exd5 5. Bg5 c6 6. e3 Be7 7. Bd3 Nbd7 8. h3 h6 9. Bf4 Nb6 10. Qc2 Be6 11. Nf3 Bd6 12. Bxd6 Qxd6 13. 0-0 0-0 14. Rab1 Qe7 15. Ne5 Nfd7 16. Nxd7 Bxd7 17. Ne2 Nc8 18. b4 Nd6 19. a4 a6 20. a5 Rae8 21. Nc3 f5 22. Rbe1 Qf6 23. f4 Re7 24. Qf2 Be8 25. Kh2 Bg6 26. Rg1 Rfe8 27. Nd1 Re6 28. Ref1 Qe7 29. g4 Ne4 30. Bxe4 Rxe4 31. g5 h5 32. Qe1 h4 33. Qxh4 Qxb4 34. Qg3 Qxa5 35. Qf3 Kf7 36. Rf2 Qc7 37. Rb2 Qe7 38. Rgg2 Rh8 39. Qg3 Bh5 40. g6+ Ke8 41. Qg5 Bxd1 42. Qxf5 Rxe3 43. Qc8+ Qd8 44. Qxd8+ Kxd8 45. Rxb7 Rhxh3+ 46. Kg1 Re1+ 47. Kf2 Re7 48. Rb6 Kc7 49. Rxa6 Rf3+ 50. Kg1 Rxf4 51. Rd2 Bh5 0-1

[Event "BCF-chT2 2324 (4NCL)"]
[Site "England"]
[Date "2024.02.10"]
[Round "5.35"]
[White "Snape, Ian L"]
[Black "Sowray, Peter John"]
[Result "0-1"]
[WhiteElo "2096"]
[BlackElo "2187"]
[PlyCount "120"]
[EventDate "2023.11.11"]
[EventType "team-tourn"]
[EventRounds "11"]
[EventCountry "ENG"]
[SourceTitle "CBM 219 Extra"]
[Source "ChessBase"]
[SourceDate "2024.05.31"]
[SourceVersion "1"]
[SourceVersionDate "2024.05.31"]
[SourceQuality "1"]
[WhiteTeam "The ADS"]
[BlackTeam "Barbican"]
[WhiteTeamCountry "ENG"]
[BlackTeamCountry "ENG"]

1. c4 e6 2. d4 d5 3. Nf3 c5 4. cxd5 exd5 5. g3 Nf6 6. Bg2 Nc6 7. 0-0 Be7 8. Bg5 h6 9. Bxf6 Bxf6 10. e3 0-0 11. Nc3 c4 12. b3 Bf5 13. Ne1 Be6 14. Rc1 cxb3 15. Qxb3 Na5 16. Qa4 Nc4 17. Nd3 g5 18. Nb4 Nb6 19. Qb3 Bg7 20. Nbxd5 Rc8 21. Qb5 Nxd5 22. Nxd5 Rxc1 23. Rxc1 b6 24. Nb4 Qd6 25. a3 a5 26. Nc6 Qxa3 27. Rb1 a4 28. Qxb6 Bb3 29. Na5 Qa2 30. Be4 f5 31. Bd3 Bd5 32. Qc5 f4 33. gxf4 gxf4 34. Qxd5+ Qxd5 35. Bc4 Qxc4 36. Nxc4 Rc8 37. Ne5 fxe3 38. fxe3 a3 39. Ra1 Bf8 40. Nd7 Bb4 41. Nc5 Ra8 42. Ne4 Kf7 43. Kf2 Ke6 44. Ke2 Rg8 45. Ng3 Rc8 46. Kd3 Rc3+ 47. Ke4 Rc2 48. d5+ Kd7 49. Kd3 Rxh2 50. Ne4 Rb2 51. Kc4 a2 52. Nc3 Bxc3 53. Kxc3 Rg2 54. Kd4 h5 55. Ke5 h4 56. Rf1 h3 57. Rf7+ Ke8 58. Ra7 h2 59. Ke6 Rg6+ 60. Kf5 h1Q 0-1

[Event "BCF-chT2 2223 (4NCL)"]
[Site "England"]
[Date "2023.05.01"]
[Round "11.24"]
[White "Roe, Simon J"]
[Black "Sowray, Peter John"]
[Result "1-0"]
[WhiteElo "2146"]
[BlackElo "2197"]
[PlyCount "91"]
[EventDate "2022.10.22"]
[EventType "team-tourn"]
[EventRounds "11"]
[EventCountry "ENG"]
[SourceTitle "EXT 2024"]
[Source "ChessBase"]
[SourceDate "2023.10.10"]
[SourceVersion "1"]
[SourceVersionDate "2023.10.10"]
[SourceQuality "1"]
[WhiteTeam "The ADS"]
[BlackTeam "Barbican"]
[WhiteTeamCountry "ENG"]
[BlackTeamCountry "ENG"]

1. c4 Nf6 2. Nf3 g6 3. g3 Bg7 4. Bg2 0-0 5. Nc3 d6 6. d4 c5 7. 0-0 Nc6 8. d5 Na5 9. Nd2 a6 10. Qc2 b5 11. cxb5 axb5 12. Nxb5 Ba6 13. Nc3 Qc7 14. Re1 Rfb8 15. Rb1 c4 16. Nf3 Bc8 17. Bd2 Bf5 18. e4 Bd7 19. Nd1 Nb7 20. b4 Ba4 21. Qc1 Bxd1 22. Qxd1 Rxa2 23. Bc3 Rba8 24. Nd4 Qb6 25. Bf1 Ng4 26. Qxg4 Bxd4 27. Bxd4 Qxd4 28. Qf4 c3 29. Qe3 Qf6 30. Rbc1 c2 31. Re2 Qb2 32. Rcxc2 Qxc2 33. Rxc2 Rxc2 34. Qb6 Nd8 35. Ba6 f5 36. exf5 gxf5 37. b5 Rc5 38. Kg2 Kg7 39. h4 Rxd5 40. Qc7 Re5 41. b6 Rc5 42. Qxe7+ Nf7 43. Qa7 Rf8 44. b7 Ra5 45. Qb6 Ra2 46. Bc4 1-0

[Event "BCF-chT2 2223 (4NCL)"]
[Site "England"]
[Date "2023.01.14"]
[Round "3.35"]
[White "Sowray, Peter John"]
[Black "Oswald, Graeme"]
[Result "1/2-1/2"]
[WhiteElo "2197"]
[BlackElo "2167"]
[PlyCount "59"]
[EventDate "2022.10.22"]
[EventType "team-tourn"]
[EventRounds "11"]
[EventCountry "ENG"]
[SourceTitle "EXT 2024"]
[Source "ChessBase"]
[SourceDate "2023.10.10"]
[SourceVersion "1"]
[SourceVersionDate "2023.10.10"]
[SourceQuality "1"]
[WhiteTeam "Barbican"]
[BlackTeam "North East England"]
[WhiteTeamCountry "ENG"]
[BlackTeamCountry "ENG"]

1. d4 Nf6 2. c4 e6 3. Nc3 Bb4 4. e3 b6 5. Nge2 Ba6 6. a3 Bxc3+ 7. Nxc3 d5 8. b3 0-0 9. Be2 Qd7 10. 0-0 Nc6 11. a4 Rfd8 12. Ba3 e5 13. Bf3 e4 14. Be2 Na5 15. Rb1 c6 16. Qc2 Rac8 17. Qa2 Qf5 18. h3 h5 19. Rfc1 dxc4 20. bxc4 c5 21. d5 Nb7 22. Qc2 Nd6 23. Nb5 Bxb5 24. cxb5 Rc7 25. Bb2 h4 26. Qc3 Re8 27. Rf1 Qg5 28. Rbe1 Rce7 29. Ra1 Rc7 30. Kh2 1/2-1/2

[Event "BCF-chT2 2223 (4NCL)"]
[Site "England"]
[Date "2022.10.23"]
[Round "2.35"]
[White "Hobson, Kenneth"]
[Black "Sowray, Peter John"]
[Result "1-0"]
[WhiteElo "2184"]
[BlackElo "2197"]
[PlyCount "65"]
[EventDate "2022.10.22"]
[EventType "team-tourn"]
[EventRounds "11"]
[EventCountry "ENG"]
[SourceTitle "EXT 2024"]
[Source "ChessBase"]
[SourceDate "2023.10.10"]
[SourceVersion "1"]
[SourceVersionDate "2023.10.10"]
[SourceQuality "1"]
[WhiteTeam "Oxford"]
[BlackTeam "Barbican"]
[WhiteTeamCountry "ENG"]
[BlackTeamCountry "ENG"]

1. e4 e5 2. Nf3 Nc6 3. Bc4 d6 4. c3 f5 5. d3 f4 6. d4 Qf6 7. Na3 Be7 8. dxe5 dxe5 9. Qb3 Nh6 10. Bd5 Nf7 11. Nc4 0-0 12. Bd2 a6 13. 0-0-0 Bc5 14. Be1 h6 15. h4 Bd6 16. Nxd6 cxd6 17. Nd2 Ne7 18. Bxf7+ Rxf7 19. Nc4 d5 20. Nb6 Rb8 21. exd5 Nf5 22. f3 Ne3 23. Rd2 Bf5 24. g4 Bh7 25. h5 e4 26. d6 exf3 27. Nd7 Qd8 28. Nxb8 Kf8 29. Bh4 Rf6 30. Bxf6 gxf6 31. Qe6 Bg8 32. Nd7+ Kg7 33. Qxf6+ 1-0

[Event "BCF-chT 2122 (4NCL)"]
[Site "England"]
[Date "2022.06.25"]
[Round "10.66"]
[White "McPhillips, Karl"]
[Black "Sowray, Peter John"]
[Result "0-1"]
[WhiteElo "2223"]
[BlackElo "2226"]
[PlyCount "76"]
[EventDate "2021.11.27"]
[EventType "team-swiss"]
[EventRounds "11"]
[EventCountry "ENG"]
[SourceTitle "EXT 2023"]
[Source "ChessBase"]
[SourceDate "2022.10.05"]
[SourceVersion "1"]
[SourceVersionDate "2022.10.05"]
[SourceQuality "1"]
[WhiteTeam "Gonzaga"]
[BlackTeam "Barbican"]
[WhiteTeamCountry "ENG"]
[BlackTeamCountry "ENG"]

1. d4 d5 2. c4 c6 3. Nf3 Nf6 4. e3 e6 5. Nbd2 Be7 6. Bd3 0-0 7. 0-0 Nbd7 8. b3 dxc4 9. bxc4 c5 10. Bb2 b6 11. e4 cxd4 12. e5 Ng4 13. Be4 Rb8 14. Nxd4 Ndxe5 15. Qe2 f5 16. f4 Bc5 17. N2b3 Ng6 18. Nxc5 bxc5 19. Nc6 Qh4 20. g3 Qxh2+ 21. Qxh2 Nxh2 22. Nxb8 Nxf1 23. Rxf1 fxe4 24. Nc6 Ba6 25. Re1 Bxc4 26. Nxa7 Bxa2 27. Rxe4 Bd5 28. Ra4 Rb8 29. Ba3 c4 30. Bb4 Kf7 31. Kf2 h5 32. Ke3 Ne7 33. Kd4 Nf5+ 34. Ke5 Nxg3 35. Kd6 Nf5+ 36. Kd7 h4 37. Bc3 h3 38. Ra2 h2 0-1

[Event "Hammersmith CC op"]
[Site "London"]
[Date "2022.06.05"]
[Round "4"]
[White "Sowray, Peter John"]
[Black "Bonn, Thomas"]
[Result "1-0"]
[WhiteElo "2329"]
[BlackElo "2246"]
[PlyCount "62"]
[EventDate "2022.06.04"]
[EventType "swiss"]
[EventRounds "6"]
[EventCountry "ENG"]
[SourceTitle "CBM 208 Extra"]
[Source "ChessBase"]
[SourceDate "2022.07.31"]
[SourceVersion "1"]
[SourceVersionDate "2022.07.31"]
[SourceQuality "1"]

1. d4 Nf6 2. Nf3 g6 3. c4 Bg7 4. Nc3 d5 5. e3 0-0 6. Qb3 dxc4 7. Bxc4 c5 8. d5 Nbd7 9. e4 Nb6 10. 0-0 Nxc4 11. Qxc4 Nd7 12. Bg5 h6 13. Bh4 g5 14. Bg3 a6 15. a4 Qb6 16. Qe2 c4 17. Rad1 g4 18. Nh4 Ne5 19. Nf5 Bxf5 20. exf5 Nd3 21. Qxg4 Kh8 22. d6 exd6 23. Qxc4 Nxb2 24. Qh4 Nxd1 25. Rxd1 d5 26. Nxd5 Rfd8 27. Qh5 Qb3 28. Be5 Qxd1+ 29. Qxd1 Bxe5 30. f4 Bg7 31. Qb3 Rd6 1-0

[Event "London Central op-A"]
[Site "London"]
[Date "2022.04.22"]
[Round "1"]
[White "Sowray, Peter John"]
[Black "Hort, Max"]
[Result "1-0"]
[WhiteElo "2243"]
[BlackElo "1925"]
[PlyCount "69"]
[EventDate "2022.04.22"]
[EventType "swiss"]
[EventRounds "5"]
[EventCountry "ENG"]
[SourceTitle "EXT 2024"]
[Source "ChessBase"]
[SourceDate "2023.10.10"]
[SourceVersion "1"]
[SourceVersionDate "2023.10.10"]
[SourceQuality "1"]

1. d4 d5 2. c4 c6 3. Nf3 Nf6 4. Nc3 e6 5. g3 Nbd7 6. Bg2 dxc4 7. 0-0 Be7 8. e4 0-0 9. a4 a5 10. Qe2 c5 11. Rd1 cxd4 12. Nxd4 e5 13. Nf5 Ra6 14. Bg5 Nd5 15. Nxe7+ Nxe7 16. Qxc4 h6 17. Be3 Rc6 18. Qb3 Qc7 19. Nb5 Qb8 20. Qa3 Ng6 21. h4 Nf6 22. Bc5 Bg4 23. Bxf8 Nxf8 24. Rd6 Ne6 25. f3 Bh5 26. Rad1 Kh7 27. Qe3 Rc4 28. b3 Rd4 29. Kh2 Rb4 30. Qb6 Rxb3 31. Rxe6 fxe6 32. Rd8 Nd7 33. Rxd7 Qf8 34. Qxe6 Bxf3 35. Qxb3 1-0